Letecká doprava na Slovensku
Z obsahu: Slovenské letiská sa točia v bludnom kruhu vysokých cien a nezáujmu dopravcov. Pre slabú ponuku liniek odchádzajú cestujúci na letiská susedných krajín. Drahé palivo je aj cenou za malosť a sezónnosť. Pokus oživiť leteckú dopravu národnému dopravcovi nevyšiel. Trh praje nízkonákladovým aer...
Salvato in:
| Autore principale: | |
|---|---|
| Altri autori: | |
| Natura: | Capitolo di libro |
| Lingua: | slovacco |
| Soggetti: | |
| Tags: |
Nessun Tag, puoi essere il primo ad aggiungerne!!
|
MARC
| LEADER | 00000naa a2200000 4500 | ||
|---|---|---|---|
| 001 | r040757 | ||
| 005 | 20230921111105.0 | ||
| 041 | 0 | |a slo | |
| 044 | |a SK | ||
| 245 | 1 | 0 | |a Letecká doprava na Slovensku |c Gabriel Beer, Juraj Janoška |
| 520 | |a Z obsahu: Slovenské letiská sa točia v bludnom kruhu vysokých cien a nezáujmu dopravcov. Pre slabú ponuku liniek odchádzajú cestujúci na letiská susedných krajín. Drahé palivo je aj cenou za malosť a sezónnosť. Pokus oživiť leteckú dopravu národnému dopravcovi nevyšiel. Trh praje nízkonákladovým aerolíniám. Bratislava má byť pionierom low cost prepravy v strednej Európe. | ||
| 610 | 2 | 0 | |a doprava letecká |
| 610 | 2 | 0 | |a ceny |
| 610 | 2 | 0 | |a linky letecké |
| 610 | 2 | 0 | |a palivá |
| 610 | 2 | 0 | |a náklady |
| 610 | 2 | 0 | |a trh |
| 610 | 2 | 0 | |a Slovensko |
| 100 | 1 | |a Beer, Gabriel | |
| 700 | 1 | |a Janoška, Juraj | |